Banderas con el Mayor Número de Estrellas - Estadísticas

Estadísticas generales
  • Esta prueba ha sido intentada 6.373 veces
  • La puntuación promedio es 11 de 23
Estadísticas de respuestas
# País % Correcto
50 Estados Unidos
99%
5 China
91%
6 Australia
90%
4 Nueva Zelanda
90%
4 Estados Federados de Micronesia
75%
9 Bosnia y Herzegovina
73%
8 Venezuela
68%
5 Honduras
64%
9 Tuvalu
64%
5 Samoa
51%
27 Brasil
43%
5 Papua Nueva Guinea
43%
5 Islas Salomón
41%
12 Uzbekistán
39%
6 Kosovo
35%
10 Cabo Verde
30%
5 Singapur
30%
5 Turkmenistán
27%
4 Comoras
22%
7 Tayikistán
19%
7 Granada
17%
10 Dominica
11%
6 Guinea Ecuatorial
7%
No se encontraron pruebas coincidentes
Distribución de puntuación
Porcentaje de gente con cada puntuación
Porcentaje por número respondido
Historial de tus puntuaciones
No has intentado esta prueba.